Mùa áo vàng

Guardado en:
Detalles Bibliográficos
Autor principal: Từ, Kế Tường
Formato: Libro
Lenguaje:Undetermined
Publicado: Thành phố Hồ Chí Minh Trẻ 2000
Materias:
Etiquetas: Agregar Etiqueta
Sin Etiquetas, Sea el primero en etiquetar este registro!
Thư viện lưu trữ: Trung tâm Học liệu Trường Đại học Cần Thơ
LEADER 00529nam a2200181Ia 4500
001 CTU_42129
008 210402s9999 xx 000 0 und d
082 |a 895.9223 
082 |b T561m 
100 |a Từ, Kế Tường 
245 0 |a Mùa áo vàng 
245 0 |c Từ Kế Tường 
260 |a Thành phố Hồ Chí Minh 
260 |b Trẻ 
260 |c 2000 
650 |a Vietnamese fiction,Vietnamese literature 
650 |y 20th century 
980 |a Trung tâm Học liệu Trường Đại học Cần Thơ